Normale Ansicht MARC-Ansicht ISBD

Studien / (Titelsatznr. 24513)

[ MARC ]
MARC-Details
000 -Satzkennung
Kontrollfeld mit fester Länge 00499nam a22001931c 4500
001 - Kontrollnummer
Kontrollfeld a987672970
008 - Feld mit fester Länge zur physischen Beschreibung - Allgemeine Angaben
Kontrollfeld mit fester Länge 140814s1955 gw |||| 000u ger d
041 ## - Sprachcode
Sprachcode des Textes/der Tonspur oder des separaten Titels ger
040 ## - Katalogisierungsquelle
Übertragungsstelle RU-10907106
003 - Kontrollnummer Identifier
Kontrollfeld RU-10907106
100 1# - Haupteintragung - Personenname
Personenname Beck, Ludwig
245 00 - Titel
Titel Studien /
Verfasserangabe etc. Ludwig Beck. Hrsg. und eingel. von Hans Speidel
264 ## - Produktion, Veröffentlichung, Distribution, Herstellung und Urheberrechtsvermerk
Herstellungs-, Veröffentlichungs- Vertriebs-, Erzeugungsort Stuttgart :
Produzent, Herausgeber, Distributor, Hersteller Koehler,
Datum der Herstellung, der Veröffentlichung, des Vertriebs oder des Urheberschutzvermerks 1955
300 ## - Physische Beschreibung
Umfang 302 S.
650 #0 - Nebeneintragung unter einem Schlagwort - Sachschlagwort
Sachschlagwort oder geografischer Name als Eintragungselement Aufsatzsammlung
600 #0 - Nebeneintragung unter einem Schlagwort - Personenname
Personenname Beck, Ludwig
700 1# - Nebeneintragung - Personenname
Personenname Speidel, Hans
Funktionsbezeichnung HerausgeberIn
942 ## - Zusätzliche Felder (Koha)
Koha-Medientyp Monographien
Exemplare
Ausgeschieden Verloren Klassifikation oder Aufstellungssystematik Beschädigt Nicht entleihbar Heimatbibliothek Aufenthaltsbibliothek Aufstellungsort Erwerbungsdatum Inventarnummer Signatur Barcode Letzte Aktivität Preis gültig von Koha-Medientyp
    Andere/Generische Klassifikation     MWN Osteuropa MWN Osteuropa Lesesaal - 1 14/08/2014 14-01475 D 52 rd Beck E004015079085E4C 23/02/2021 22/03/2021 Monographien